A kormányzói jogkör kiterjesztése

Elmentve itt :
Bibliográfiai részletek
Szerző: Zsedényi Béla
Dokumentumtípus: Cikk
Megjelent: 1937
Sorozat:Kolligátum
Kulcsszavak:Közjog - magyar
Online Access:http://misc.bibl.u-szeged.hu/23562
LEADER 00531nab a2200169 i 4500
001 misc23562
005 20191111110450.0
008 170822s1937 hu o 0|| zxx d
040 |a SZTE Miscellanea Repozitórium  |b hun 
041 |a zxx 
100 1 |a Zsedényi Béla 
245 1 2 |a A kormányzói jogkör kiterjesztése  |h [elektronikus dokumentum] /  |c  Zsedényi Béla 
260 |c 1937 
300 |a 1-29 
490 0 |a Kolligátum 
695 |a Közjog - magyar 
856 4 0 |u http://misc.bibl.u-szeged.hu/23562/1/09875_001-029.pdf  |z Dokumentum-elérés